| 000 | 01254nam a22002177a 4500 | ||
|---|---|---|---|
| 999 |
_c56997 _d56997 |
||
| 003 | Ge_BSU | ||
| 005 | 20190926170724.0 | ||
| 008 | 190926s2019 ge ||||| |||| 00| 0 geo d | ||
| 020 | _a9789941255649 | ||
| 041 | _ageo | ||
| 080 | _a94(479.22)".../05" დ-91 | ||
| 100 |
_aდუნდუა, თედო. _93483 |
||
| 245 |
_aსაქართველოს უძველესი და ძველი ისტორიის ნარკვევები : დამატება / _cთედო დუნდუა . |
||
| 264 |
_aთბილისი : _bმერიდიანი, _c 2019. |
||
| 300 |
_a60 გვ.: _c20 სმ. |
||
| 504 | _aბიბლიოგრაფია ტექსტის შენიშვნებში. | ||
| 520 | _aრეზიუმე ინგლისურ ენაზე. | ||
| 653 | _aისტორია | ||
| 710 |
_eივანე ჯავახიშვილის თბილისის სახელმწიფო უნივერსიტეტი. ჰუმანიტარულ მეცნიერებათა ფაკულტეტი საქართველოს ისტორიის ინსტიტუტი _94334 |
||
| 942 |
_2udc _cBK |
||